000 00807nam a2200229Ia 4500
003 CO-CtgCURN
005 20250409210210.0
008 190723s9999 xx 000 0 und d
020 _a9586162346
040 _aCO-CtgCURN
_bspa
_ccoctgcurn
082 _a347.05
_bS194
100 _aSancinetti, Marcelo
245 0 _a¿Responsabilidad por acciones o responsabilidad por resultados? /
_cMarcelo Sancinetti
260 _aBogotá, Colombia :
_bUniversidad Externado de Colombia,
_c1996
300 _a39 páginas ;
_c20 centímetros
490 _aCuadernos de Conferencias y Articulos;
_v9
521 _aAREA PROFESIONAL
590 _aPrograma de Derecho_18
650 _aDerecho procesal
942 _cBK
_h347.05
_iS194
999 _c29667
_d29667